000 00379nam a2200157Ia 4500
003 Ost
005 20260225132559.0
008 260225s9999||||xx |||||||||||||| ||und||
040 _cfsic
041 _afre
082 _a341.6
100 _aZEROUKI SALIHA
_eAuteur
245 0 _aMAX AUX Y EL EXILIO REPUBLICAO ESPANOL EN ARGELIA /
245 0 _cZEROUKI SALIHA
942 _cكتاب
999 _c34673
_d34673